00860nam a2200253 i 4500001001000000003000900010005001700019007000300036008004100039040003000080041000800110082002800118100005100146245006400197250002100261264005400282300005500336336002800391337003500419338003000454500002100484586004700505650005400552000008720DO-SdBNP20250821075118.0ta090918s1968 dr c r 001 0 spa d aDO-SdBNPbspacBNPHUerda aspa 4aRD860.9bB171h 19682221 aBalaguer, Joaquín, d1906-2002.eautor4aut.10aHistoria de la literatura dominicana /cJoaquín Balaguer. aCuarta edición 1aSanto Domingo :bJulio D. Postigo & Hijos,c1968. a371 páginas :bilustraciones, retratos ;c23 cm. atextobtxt2rdacontent  asin mediación bn2rdamedia  avolumen bnc2rdacarrier  aIncluye índice aPremio Nacional de Obras Didácticas 1956 7aLiteratura dominicanaxHistoria y crítica2LEMB